02821nam a2200361 i 4500003000900000005001700009007000300026008004100029020002600070020002700096040003000123041000800153082003000161111006800191245018700259264007200446300004400518336002700562337003300589338002800622490005400650490003800704505002300742505110600765650005501871650009401926650007802020651009002098651008802188700004902276700004102325830009302366DO-SdBNP20260317141442.0ta220120e2021 dr a|||fr|||| 001 e spa d a9789945443622 (serie) a9789945629064 (v. 285) aDO-SdBNPbspacBNPHUerda aspa 4a330.97293bC744n 20202222 aConcurso Biblioteca Juan Pablo Duarte c(Santo Domingo :d2020)10aNueva literatura económica dominicana :bPremios del Concurso de Economía Biblioteca "Juan Pablo Duarte" 2020 /cedición, José Alcántara Almánzar y Elvis Francisco Soto. 1aSanto Domingo :bBanco Central de la República Dominicana,c2021. a424 páginas :bilustraciones ;c23 cm atextobtxt2rdacontent asin mediaciónbn2rdamedia avolumenbnc2rdacarrier1 aBanco Central de la República Dominicana ;v2851 aNueva literatura económica;v25 aPresentación.-- 0 aIntroducción.tPrimera parte.uComunicado de política monetaria del Banco Central como instrumentos complementarios de política: un análisis semántico para el caso dominicano. /rLiliana Eugenia Cruz Quezada tSegunda parte. uReglas de política monetaria y evaluación de bienestar en una economía pequeña y abierta con fricciones financieras: evidencia para República Dominicana desde un enfoque DSGE Neo Keynesiano. /rManuel Alberto Pérez Pérez.--tTercera parte. uCaracterización del riesgo de tasa de interés de la cartera de inversión de los bancos múltiples y su importancia en el análisis de la estabilidad financiera en la República Dominicana. /rVíctor José Reyes Hernández. Alerso Pimentel DomíngueztCuarta parte. uPolítica monetaria óptima con múltiples instrumentos: el caso de la República Dominicana.rFrancisco A. Ramírez de León, Ariadne M. Checo de los Santos tQuinta parte.uIncidencia de la automatización en el mercado de trabajo de la República Dominicana. /rSabeida Pérez Reyes, Eduardo R. Vásquez Nolasco.-- 4aPolítica monetariazRepública Dominicanay2018 7aMercado de trabajovCongresos, conferencias, etc.y2018zRepública Dominicana2LIBRUNAM 4aInflacciónzRepública DominicanavCongresos, conferencias, etc.y2018 4aRepública DominicanaxCondiciones económicasvCongresos, conferencias, etc.y2018 4aRepública DominicanaxPolítica económicavCongresos, conferencias, etc.y20181 aAlcántara Amánzar, José, eeditor4ed.1 aSoto, Elvis Francisco, eeditor4ed. aBanco Central de la República Dominicana ;n285pNueva literatura económica ; 25v25